| 000 | 00636nam a22001817a 4500 | ||
|---|---|---|---|
| 999 |
_c21000 _d21000 |
||
| 003 | AR-CdUCM | ||
| 008 | 190723b ||||| |||| 00| 0 spa d | ||
| 040 |
_aMUNICIPALIDAD PROVINCIAL DEL CUSCO _cBIBLIOTECA MUNICIPAL DEL CUSCO |
||
| 082 |
_aC / 779.985 / _bK76 |
||
| 110 |
_aConvenio Perú - Holanda COTESU - Grupo pastoral Suizo _943795 |
||
| 245 | _aAgua potable Kor - Kor / | ||
| 260 |
_aCusco : _bConsiper, _c1986. |
||
| 300 |
_a16 páginas ; _bfotografías a color ; _c31 cm. |
||
| 505 | _aContenido : Fotografías del proyecto Agua potable de Kor - Kor. | ||
| 650 |
_aFotografías _922151 |
||
| 942 |
_2ddc _cLIBROS |
||
| 945 | _azta | ||